<?xml version="1.0" encoding="UTF-8"?>
<collection xmlns="http://www.loc.gov/MARC21/slim">
 <record>
  <leader>01177nam a22001931  4500</leader>
  <controlfield tag="001">1/21256</controlfield>
  <controlfield tag="008">970507s1979    gr             000  gre d</controlfield>
  <datafield tag="035" ind1=" " ind2=" ">
   <subfield code="l">21882</subfield>
  </datafield>
  <datafield tag="040" ind1=" " ind2=" ">
   <subfield code="a">GR-PeUP</subfield>
  </datafield>
  <datafield tag="082" ind1="0" ind2="0">
   <subfield code="a">658.15 ΚΟ.</subfield>
  </datafield>
  <datafield tag="100" ind1="1" ind2=" ">
   <subfield code="a">Dufigour, Pierre Andre.</subfield>
  </datafield>
  <datafield tag="245" ind1="1" ind2="2">
   <subfield code="a">Η Οικονομική διαχείριση των επιχειρήσεων /</subfield>
   <subfield code="c">Pierre Andre Dufigour;Νίκ. Τσαραβοπούλου μέτ.</subfield>
  </datafield>
  <datafield tag="260" ind1=" " ind2=" ">
   <subfield code="a">Αθήναι:</subfield>
   <subfield code="b">Πάμισος,</subfield>
   <subfield code="c">1979.</subfield>
  </datafield>
  <datafield tag="300" ind1=" " ind2=" ">
   <subfield code="a">129 σ.;</subfield>
   <subfield code="c">20 εκ.</subfield>
  </datafield>
  <datafield tag="490" ind1="1" ind2=" ">
   <subfield code="a">Εγκυκλοπαίδεια της Επιχειρήσεως. Συλλογή Εκλεκτών Βιβλίων Ιδιωτικής Οικονομίας και Οργανώσεως Επιχειρήσεων ;</subfield>
  </datafield>
  <datafield tag="650" ind1=" " ind2="4">
   <subfield code="x">Διοικητική οικονομική.</subfield>
  </datafield>
  <datafield tag="650" ind1=" " ind2="4">
   <subfield code="a">Διοίκηση και οργάνωση.</subfield>
  </datafield>
  <datafield tag="830" ind1=" " ind2=" ">
   <subfield code="a">Εγκυκλοπαίδεια της Επιχειρήσεως. Συλλογή Εκλεκτών Βιβλίων Ιδιωτικής Οικονομίας και Οργανώσεως Επιχειρήσεων ;</subfield>
   <subfield code="v">37</subfield>
  </datafield>
  <datafield tag="852" ind1=" " ind2=" ">
   <subfield code="a">INST</subfield>
   <subfield code="b">UNIPILB</subfield>
   <subfield code="c">MAIN</subfield>
   <subfield code="e">20040709</subfield>
   <subfield code="h">658.15 ΚΟ.</subfield>
   <subfield code="p">00119497</subfield>
   <subfield code="q">00119497</subfield>
   <subfield code="t">LOAN</subfield>
   <subfield code="y">0</subfield>
   <subfield code="4">1</subfield>
  </datafield>
 </record>
</collection>
